000 00650nam a22001937a 4500
999 _c191638
_d191638
005 20220831111651.0
010 _aUR-11689
020 _a9789391238407
_c300.00
035 _aU-10244
037 _bDBAD/PUB
_a-
082 _a921
100 _aسہیل انجم
245 _aنقش بر سنگ :
_bکچھ خراج تحسین ، کچھ خراج عقیدت /
_cسہیل انجم
246 _aNaqsh Bar Sang /
_bby Suhail Anjum
260 _aNew Delhi
_bEducational Publishing House
_c2021 ء
270 _aH.O. D1/16, Ansari Road, Darya Ganj
_bNew Delhi
_e110002
300 _a224 ص
_c23cm(Hb)
942 _2ddc
_cUR
_h921
_mس ہ ی